La justicia de transicin̤: concepto, instrumentos y experiencias

Detalles Bibliográficos
Autor principal: Turǧano Mansilla, Isabel
Formato: Libro
Lenguaje:español
Publicado: Colombia Editorial Universidad de Rosario (Colombia) 2013
Materias:
Acceso en línea:Acceso restringido

MARC

LEADER 00000nam a22000007a 4500
005 20160503135214.0
007 cr|||| ||u|
008 160503s2013 ck ||||| |||| 00||0 spa d
020 |a 978-958-738-423-9 
035 |a 14184 
040 |a vLex  
090 |c 6045  |d 6045 
100 1 |a Turǧano Mansilla, Isabel 
245 1 0 |a La justicia de transicin̤: concepto, instrumentos y experiencias  |h [Recurso electrn̤ico] /  |c Isabel Turǧano Mansilla  
256 |a Servicio en ln̕ea  
260 |a Colombia  |b Editorial Universidad de Rosario (Colombia)  |c 2013 
300 |a 1 recurso electrn̤ico (249 Pg̀inas)  
506 1 |a Contenido solo disponible en los productos indicados  |d vLex Global  |d vLex Global (Academic Edition, excluding Law Schools)  |d vLex Global (U.S. Academic Edition, Law Schools)  |d vLex Global (U.S. Academic Edition, excluding Law Schools)  |d vLex Global (Academic Edition, Law Schools) 
650 0 4 |a Derecho  |z Colombia  
740 0 |a vLex libros (servicio en ln̕ea)  
856 4 0 |u http://vlex.com/source/justicia-transicion-concepto-instrumentos-experiencias-14184  |z Acceso restringido  
942 |c BOOK 
999 0 |a Law  |b Colombia